Flag Carrier Airlines - Statistics

General Stats
  • This quiz has been taken 55 times
  • The average score is 20 of 25
Answer Stats
Question Answer % Correct
Canada Air Canada
98%
UK British Airways
96%
Australia Qantas
96%
Spain Iberia
94%
Germany Lufthansa
94%
Netherlands KLM
91%
South Korea Korean Air
91%
Singapore Singapore Airlines
91%
Portugal TAP
89%
Italy ITA
87%
Ireland Aer Lingus
85%
Saudi Arabia Saudia
85%
Israel El Al
83%
Poland LOT
83%
Russia Aeroflot
79%
Egypt Egyptair
79%
Mexico Aeromexico
77%
Jordan Royal Jordanian
77%
Colombia Avianca
74%
Pakistan Pakistan International Airlines
68%
Algeria Air Algerie
57%
North Korea Air Koryo
57%
Bahrain Gulfair
53%
Bangladesh Biman
51%
Peru LATAM Peru
38%
No matching quizzes found
Score Distribution
Percent of People with Each Score
Percentile by Number Answered
Your Score History
You have not taken this quiz